000 01398nam a2200325 c 4500
003 BLK
005 20180422102429.0
008 180408b bul|||||r ||||||| ||bul||
010 _aKNG00065422000
040 _aBLK
041 _aBUL
_cBUL
080 _aБорба с болестите и вредителите на растенията
_b632.9
_x(038.1)
_z632.9(038.1)
100 1 _aМарков, Марко
_eпърви автор
_gВанков, Марко Марков
_9364381
700 1 _aМарков, Марко
_eобща ред. на
_gВанков, Марко Марков
_9364381
139 _aТерминологичен речник по растителна защита
_bТ 53
245 1 0 _aТерминологичен речник по растителна защита
_bТ. 1 -
_cМарко Марков; обща ред. на Марко Марков.
_nТ. 2
_pР - Я
257 _aBGR
260 София
_bЗемиздат
_c1989
300 _c21 см
380 _a63
650 4 _aРастителна защита - справочници
_9255418
653 _aрастителна защита
653 _aтерминологични речници
760 1 _aМарков, Марко
_h316 с., 21 см
_tТ. 2 Р - Я
852 _aЦб 159207
856 4 _qpdf
_u
856 4 _qpdf
_u
942 _cKNG
_n0
944 _aCR
_c13.06.2004
_kКети_Илиева
944 _aED
_c18.02.2011
_k
999 _c61228
_d61228